000 00448nam a2200181Ia 4500
001 19163
005 20260306171724.0
008 260306s9999||||xx |||||||||||||| ||und||
041 _aESP
082 _a658.8
_bR56
100 _aRies, Al
_eAUT
245 0 _aLa revolución del marketing:
_bla táctica dicta la estrategia
260 _c1990
300 _a216 páginas :
_c21 cm.
650 _aGEN
654 _aCAN
942 _cLIB
_dJUS
_fJUS
_2ddc
_n
999 _c19163
_d19163